[Event "Marburg op-A"]
[Site "Marburg"]
[Date "2023.10.28"]
[Round "4"]
[White "Schneider, Udo"]
[Black "Baumgarten, Fred"]
[Result "1/2-1/2"]
[WhiteElo "1627"]
[BlackElo "1637"]
[PlyCount "45"]
[EventDate "2023.10.26"]
[EventType "swiss"]
[EventRounds "7"]
[EventCountry "GER"]
[SourceTitle "CB49_2023"]
[SourceDate "2023.12.06"]
[SourceVersion "1"]
[SourceVersionDate "2023.12.06"]
[SourceQuality "1"]

1. d4 Nf6 2. Nf3 g6 3. g3 Bg7 4. Bg2 0-0 5. 0-0 b5 6. Ne5 c6 7. a4 Qb6 8. axb5 Qxb5 9. Nc3 Qb6 10. Nc4 Qd8 11. Re1 d5 12. Ne5 Nfd7 13. Nxd7 Nxd7 14. e4 e6 15. e5 Qe7 16. f4 Bb7 17. b3 Rfc8 18. Ba3 Qe8 19. Na4 Bf8 20. Qd2 Bxa3 21. Rxa3 c5 22. dxc5 Nxc5 23. Nxc5 1/2-1/2

[Event "Rhein Main op-B 25th"]
[Site "Bad Homburg"]
[Date "2023.06.09"]
[Round "4"]
[White "Grainger, Kierran"]
[Black "Schneider, Udo"]
[Result "0-1"]
[WhiteElo "1159"]
[BlackElo "1628"]
[PlyCount "90"]
[EventDate "2023.06.07"]
[EventType "swiss"]
[EventRounds "7"]
[EventCountry "GER"]
[SourceTitle "CBM 215 Extra"]
[Source "ChessBase"]
[SourceDate "2023.09.30"]
[SourceVersion "1"]
[SourceVersionDate "2023.09.30"]
[SourceQuality "1"]

1. e4 c5 2. Nf3 d6 3. d4 cxd4 4. Nxd4 Nf6 5. Nc3 g6 6. Be3 Bg7 7. f3 a6 8. Qd2 h5 9. Bc4 Qc7 10. Bb3 Bd7 11. Nd5 Nxd5 12. Bxd5 Nc6 13. c3 Ne5 14. Qe2 Rc8 15. h3 Nc4 16. Bxc4 Qxc4 17. Qxc4 Rxc4 18. Kd2 Rc7 19. Rac1 Bf6 20. g4 Bg7 21. g5 Bxd4 22. cxd4 Rxc1 23. Rxc1 Bxh3 24. Rc7 Kd8 25. Rxb7 h4 26. Bg1 Bc8 27. Ra7 h3 28. Bh2 Rh5 29. f4 Rh4 30. Ke3 Rg4 31. Kf3 Rg2 32. Bg3 Rxb2 33. e5 dxe5 34. fxe5 h2 35. Bxh2 Rxh2 36. d5 Rxa2 37. d6 exd6 38. exd6 Rd2 39. Rxf7 Rxd6 40. Ke4 Bf5+ 41. Ke5 Re6+ 42. Kd5 Rb6 43. Kc5 Rb5+ 44. Kc6 Be4+ 45. Kd6 Rd5+ 0-1

[Event "Rhein Main op-B 25th"]
[Site "Bad Homburg"]
[Date "2023.06.07"]
[Round "1"]
[White "Schneider, Udo"]
[Black "Liu, Jonas"]
[Result "1-0"]
[WhiteElo "1628"]
[BlackElo "1039"]
[PlyCount "87"]
[EventDate "2023.06.07"]
[EventType "swiss"]
[EventRounds "7"]
[EventCountry "GER"]
[SourceTitle "CBM 215 Extra"]
[Source "ChessBase"]
[SourceDate "2023.09.30"]
[SourceVersion "1"]
[SourceVersionDate "2023.09.30"]
[SourceQuality "1"]

1. d4 Nf6 2. c4 d6 3. Nc3 g6 4. h3 Bg7 5. Nf3 0-0 6. g3 b6 7. Bg2 Bb7 8. 0-0 c5 9. d5 Ba6 10. Qd3 Nbd7 11. b3 Re8 12. Bb2 Qc7 13. Rad1 Rab8 14. a4 Bc8 15. Nb5 Qb7 16. e4 Nf8 17. e5 N6d7 18. Rfe1 a6 19. Na3 Qc7 20. exd6 Qxd6 21. Bxg7 Kxg7 22. Qc3+ Nf6 23. Qe5 Bd7 24. Bf1 h5 25. Re3 Bf5 26. Nh4 Qxe5 27. Rxe5 Bd7 28. Rde1 e6 29. Ng2 exd5 30. Rxe8 Rxe8 31. Rxe8 Nxe8 32. cxd5 Bxh3 33. Bxa6 Nc7 34. Bb7 Kf6 35. Nf4 Bf5 36. d6 Ne8 37. Nd5+ Ke5 38. Nc4+ Ke6 39. Nc7+ Kd7 40. Nxe8 Kxe8 41. Nxb6 Bc2 42. Bd5 Nd7 43. Bc6 Bf5 44. a5 1-0

[Event "Hessen-chB"]
[Site "Marburg"]
[Date "2017.??.??"]
[Round "6"]
[White "Martens, Nick"]
[Black "Schneider, Udo"]
[Result "1/2-1/2"]
[WhiteElo "1690"]
[BlackElo "1749"]
[PlyCount "59"]
[EventDate "2017.05.24"]
[EventType "swiss"]
[EventRounds "7"]
[EventCountry "GER"]
[SourceTitle "EXT 2018"]
[Source "ChessBase"]
[SourceDate "2017.10.13"]
[SourceVersion "1"]
[SourceVersionDate "2017.10.13"]
[SourceQuality "1"]

1. f4 d5 2. Nf3 Nf6 3. e3 g6 4. Nc3 Bg7 5. d4 0-0 6. Bd3 b6 7. h3 Ba6 8. Qe2 Bxd3 9. Qxd3 c5 10. b3 cxd4 11. exd4 Nc6 12. a3 Rc8 13. Kf2 e6 14. Re1 Na5 15. Bd2 Nc6 16. Ne5 Nxe5 17. fxe5 Nh5 18. g4 f6 19. gxh5 fxe5+ 20. Kg2 Qh4 21. dxe5 Qxh5 22. Qg3 d4 23. Ne4 Rxc2 24. Qg4 Qxe5 25. Rac1 Rfc8 26. Rxc2 Rxc2 27. Qd1 d3 28. Kh1 Qd5 29. b4 Be5 30. Qf3 1/2-1/2

[Event "Hessen-chB"]
[Site "Marburg"]
[Date "2017.??.??"]
[Round "5"]
[White "Schneider, Udo"]
[Black "John, Volkmar"]
[Result "0-1"]
[WhiteElo "1749"]
[BlackElo "1818"]
[PlyCount "40"]
[EventDate "2017.05.24"]
[EventType "swiss"]
[EventRounds "7"]
[EventCountry "GER"]
[SourceTitle "EXT 2018"]
[Source "ChessBase"]
[SourceDate "2017.10.13"]
[SourceVersion "1"]
[SourceVersionDate "2017.10.13"]
[SourceQuality "1"]

1. d4 d5 2. c4 e6 3. Nf3 Nf6 4. a3 Be7 5. Nc3 0-0 6. e3 b6 7. cxd5 exd5 8. Bd3 Be6 9. Ne5 c5 10. 0-0 a6 11. f4 Qc8 12. Qf3 cxd4 13. exd4 Nc6 14. Be3 Ng4 15. Nxg4 Bxg4 16. Qxd5 Rd8 17. Qe4 f5 18. Bc4+ Kh8 19. Qd3 Nxd4 20. Bxd4 Rxd4 0-1

[Event "Rhein Main op-B 18th"]
[Site "Bad Homburg"]
[Date "2015.06.05"]
[Round "4"]
[White "Schneider, Udo"]
[Black "Boerkey, Joel"]
[Result "1/2-1/2"]
[WhiteElo "1760"]
[BlackElo "1333"]
[PlyCount "49"]
[EventDate "2015.06.03"]
[EventType "swiss"]
[EventRounds "7"]
[EventCountry "GER"]
[SourceTitle "CBM 167 Extra"]
[Source "ChessBase"]
[SourceDate "2015.09.14"]
[SourceVersion "1"]
[SourceVersionDate "2015.09.14"]
[SourceQuality "1"]

1. d4 Nf6 2. c4 e6 3. Nf3 b6 4. g3 Bb7 5. Bg2 Bb4+ 6. Bd2 Bxd2+ 7. Nbxd2 d6 8. 0-0 Nbd7 9. Re1 0-0 10. e4 e5 11. d5 Nc5 12. Qc2 a5 13. Nh4 Kh8 14. Nb3 Nxb3 15. axb3 Ra7 16. Ra3 Qd7 17. Rea1 Rfa8 18. Qd2 Ba6 19. Nf5 Qd8 20. Qg5 g6 21. Nh6 Kg7 22. Nf5+ Kh8 23. Nh6 Kg7 24. f4 Nh5 25. Nf5+ 1/2-1/2

[Event "Rhein Main op-B 18th"]
[Site "Bad Homburg"]
[Date "2015.06.04"]
[Round "2"]
[White "Schneider, Udo"]
[Black "Lebermann, Hellmuth"]
[Result "1/2-1/2"]
[WhiteElo "1760"]
[BlackElo "1910"]
[PlyCount "31"]
[EventDate "2015.06.03"]
[EventType "swiss"]
[EventRounds "7"]
[EventCountry "GER"]
[SourceTitle "CBM 167 Extra"]
[Source "ChessBase"]
[SourceDate "2015.09.14"]
[SourceVersion "1"]
[SourceVersionDate "2015.09.14"]
[SourceQuality "1"]

1. d4 Nf6 2. Nf3 g6 3. c4 Bg7 4. Nc3 d5 5. g3 0-0 6. Qb3 c6 7. cxd5 cxd5 8. Bg2 Nc6 9. 0-0 a6 10. a4 b6 11. Bf4 Bb7 12. Be5 Na5 13. Qa2 Rc8 14. Rac1 e6 15. Rc2 Ne4 16. Bxg7 1/2-1/2

[Event "Rhein Main op-B 18th"]
[Site "Bad Homburg"]
[Date "2015.06.03"]
[Round "1"]
[White "Tobias, Christian"]
[Black "Schneider, Udo"]
[Result "0-1"]
[WhiteElo "1230"]
[BlackElo "1760"]
[PlyCount "64"]
[EventDate "2015.06.03"]
[EventType "swiss"]
[EventRounds "7"]
[EventCountry "GER"]
[SourceTitle "CBM 167 Extra"]
[Source "ChessBase"]
[SourceDate "2015.09.14"]
[SourceVersion "1"]
[SourceVersionDate "2015.09.14"]
[SourceQuality "1"]

1. e4 c5 2. Nf3 d6 3. Nc3 Nc6 4. Bc4 Nf6 5. 0-0 g6 6. d3 Bg7 7. Bg5 0-0 8. Bb5 Bg4 9. Bxc6 bxc6 10. Qe2 Nd7 11. Qe3 Re8 12. h3 Be6 13. Bh6 Ne5 14. Bxg7 Nxf3+ 15. Qxf3 Kxg7 16. Qf4 Rb8 17. b3 Qa5 18. Ne2 Rb4 19. c3 Rb7 20. e5 Bf5 21. d4 Bd3 22. Rfe1 d5 23. e6 f6 24. Qf3 Bxe2 25. Rxe2 Rxb3 26. axb3 Qxa1+ 27. Kh2 cxd4 28. cxd4 Qxd4 29. Qg3 Qb6 30. Rc2 c5 31. Qf3 Qxe6 32. Rxc5 Qd6+ 0-1

[Event "Rhein Main op-B 16th"]
[Site "Bad Homburg"]
[Date "2013.05.31"]
[Round "4"]
[White "Schneider, Udo"]
[Black "Annen, Oliver"]
[Result "1-0"]
[WhiteElo "1797"]
[BlackElo "1602"]
[PlyCount "87"]
[EventDate "2013.05.29"]
[EventType "swiss"]
[EventRounds "7"]
[EventCountry "GER"]
[SourceTitle "EXT 2014"]
[Source "ChessBase"]
[SourceDate "2013.11.20"]
[SourceVersion "1"]
[SourceVersionDate "2013.11.20"]
[SourceQuality "1"]

1. d4 Nf6 2. c4 e6 3. Nf3 b6 4. g3 Bb7 5. Bg2 Bb4+ 6. Bd2 Bxd2+ 7. Nbxd2 Ne4 8. 0-0 Nxd2 9. Qxd2 d6 10. Rfe1 Be4 11. Qf4 f5 12. Qg5 0-0 13. Qxd8 Rxd8 14. Ng5 Bxg2 15. Nxe6 Rd7 16. Kxg2 Re7 17. d5 Na6 18. e4 fxe4 19. Rxe4 Rae8 20. Rae1 h6 21. a3 Nb8 22. f3 Rc8 23. Ng5 Rxe4 24. Nxe4 Nd7 25. f4 Kf7 26. Re3 Re8 27. Kf2 Nf8 28. Nc3 a6 29. Rxe8 Kxe8 30. Kf3 Nd7 31. h4 Nc5 32. b4 Nb7 33. Ne4 Kf7 34. h5 a5 35. g4 Nd8 36. c5 dxc5 37. bxa5 bxa5 38. Nxc5 Ke7 39. Ke4 Kd6 40. Nb3 a4 41. Nd4 Kc5 42. Ne6+ Kc4 43. Nxd8 Kb3 44. Nb7 1-0

[Event "Rhein Main op-B 15th"]
[Site "Bad Homburg"]
[Date "2012.06.09"]
[Round "6"]
[White "Schneider, Udo"]
[Black "Berg, Rainer"]
[Result "1-0"]
[WhiteElo "1820"]
[BlackElo "1453"]
[PlyCount "151"]
[EventDate "2012.06.06"]
[EventType "swiss"]
[EventRounds "7"]
[EventCountry "GER"]
[SourceTitle "EXT 2013"]
[Source "ChessBase"]
[SourceDate "2012.11.22"]
[SourceVersion "1"]
[SourceVersionDate "2012.11.22"]
[SourceQuality "1"]

1. d4 Nf6 2. c4 e6 3. Nf3 c5 4. e3 cxd4 5. exd4 h6 6. Be2 Bb4+ 7. Bd2 Bxd2+ 8. Qxd2 0-0 9. Nc3 d5 10. 0-0 Nc6 11. Rfd1 a6 12. Ne5 Ne7 13. c5 b5 14. Rdc1 Nd7 15. Nxd7 Bxd7 16. b4 Bc6 17. Bd3 Ng6 18. Bxg6 fxg6 19. Qe3 Qf6 20. Re1 Rae8 21. f3 g5 22. Rad1 h5 23. Qe5 Qf4 24. Qxf4 gxf4 25. Re5 Rf5 26. Rde1 Rxe5 27. Rxe5 g6 28. Ne2 Kf7 29. Nxf4 Kf6 30. Kf2 h4 31. g3 g5 32. Ng2 h3 33. Ne3 Rg8 34. Ng4+ Ke7 35. Re3 Bd7 36. Ne5 Bc8 37. g4 Rg7 38. Kg3 Rh7 39. Ra3 Kf6 40. Re3 a5 41. Nc6 a4 42. a3 Rc7 43. Ne5 Rh7 44. Nd3 Bd7 45. Nf2 Re7 46. Re5 Be8 47. Nxh3 Rg7 48. f4 gxf4+ 49. Nxf4 Re7 50. h4 Bd7 51. g5+ Kf7 52. Kg4 Bc8 53. h5 Rc7 54. h6 Rc6 55. Kh5 Bd7 56. h7 Kg7 57. g6 Be8 58. Nxe6+ Kh8 59. Kh6 Bxg6 60. Nf4 Bxh7+ 61. Kg5 Kg8 62. Rxd5 Be4 63. Re5 Bc2 64. d5 Rc7 65. Re6 Rg7+ 66. Kh4 Bf5 67. Kh5 Bg4+ 68. Kh6 Bxe6 69. Nxe6 Rg3 70. c6 Rxa3 71. c7 Rh3+ 72. Kg5 Rg3+ 73. Kf4 Rc3 74. Nc5 Rc4+ 75. Ke5 a3 76. c8Q+ 1-0

[Event "Rhein Main op-B 15th"]
[Site "Bad Homburg"]
[Date "2012.06.07"]
[Round "2"]
[White "Schneider, Udo"]
[Black "Tresch, Lukas"]
[Result "1/2-1/2"]
[WhiteElo "1820"]
[BlackElo "1551"]
[PlyCount "65"]
[EventDate "2012.06.06"]
[EventType "swiss"]
[EventRounds "7"]
[EventCountry "GER"]
[SourceTitle "EXT 2013"]
[Source "ChessBase"]
[SourceDate "2012.11.22"]
[SourceVersion "1"]
[SourceVersionDate "2012.11.22"]
[SourceQuality "1"]

1. d4 d5 2. c4 c6 3. e3 Nf6 4. Nc3 e6 5. a3 Nbd7 6. Nf3 a6 7. Bd3 dxc4 8. Bxc4 b5 9. Bd3 c5 10. 0-0 Bb7 11. Re1 Be7 12. e4 0-0 13. h3 Rc8 14. e5 Nd5 15. Nxd5 Bxd5 16. Be4 Bxe4 17. Rxe4 Qc7 18. Bg5 Bxg5 19. Nxg5 h6 20. Nf3 Rfd8 21. dxc5 Nxc5 22. Rd4 Rxd4 23. Nxd4 Rd8 24. Qg4 Qxe5 25. Rd1 h5 26. Nc6 Rxd1+ 27. Qxd1 Qc7 28. Qf3 Nd7 29. Ne7+ Kf8 30. Ng6+ Kg8 31. Ne7+ Kf8 32. Ng6+ Kg8 33. Ne7+ 1/2-1/2

[Event "Karl Mala Memorial op 14th"]
[Site "Frankfurt"]
[Date "2011.07.10"]
[Round "7"]
[White "Baust, Guenter"]
[Black "Schneider, Udo"]
[Result "1-0"]
[WhiteElo "1894"]
[BlackElo "1694"]
[PlyCount "37"]
[EventDate "2011.07.07"]
[EventType "swiss"]
[EventRounds "7"]
[EventCountry "GER"]
[SourceTitle "EXT 2012"]
[Source "ChessBase"]
[SourceDate "2011.11.24"]
[SourceVersion "1"]
[SourceVersionDate "2011.11.24"]
[SourceQuality "1"]

1. e4 c5 2. Nf3 d6 3. d4 cxd4 4. Nxd4 Nf6 5. Nc3 g6 6. f3 Bg7 7. Be3 a6 8. Qd2 h6 9. Bc4 Qc7 10. Bb3 Nbd7 11. g4 Nc5 12. 0-0-0 Nxb3+ 13. Nxb3 Nd7 14. Nd5 Qd8 15. f4 b5 16. Bd4 e5 17. Bc3 Nc5 18. Nxc5 dxc5 19. Ba5 1-0

[Event "Karl Mala Memorial op 14th"]
[Site "Frankfurt"]
[Date "2011.07.09"]
[Round "4"]
[White "Schneider, Udo"]
[Black "Koellner, Ulrich"]
[Result "0-1"]
[WhiteElo "1694"]
[BlackElo "1870"]
[PlyCount "64"]
[EventDate "2011.07.07"]
[EventType "swiss"]
[EventRounds "7"]
[EventCountry "GER"]
[SourceTitle "EXT 2012"]
[Source "ChessBase"]
[SourceDate "2011.11.24"]
[SourceVersion "1"]
[SourceVersionDate "2011.11.24"]
[SourceQuality "1"]

1. d4 Nf6 2. c4 g6 3. Nc3 d5 4. cxd5 Nxd5 5. e4 Nxc3 6. bxc3 Bg7 7. Bc4 c5 8. Ne2 Nc6 9. Be3 cxd4 10. cxd4 Qa5+ 11. Bd2 Qa3 12. Bc3 0-0 13. Qb3 Qxb3 14. Bxb3 Rd8 15. Rd1 b6 16. 0-0 Ba6 17. Rfe1 Bxe2 18. Rxe2 Bxd4 19. Bxd4 Rxd4 20. Rc1 Rad8 21. Kf1 Na5 22. f3 Nxb3 23. axb3 e6 24. Ra2 a5 25. Kf2 Kf8 26. Rc6 Rb4 27. Rc3 Ke7 28. Ke3 Rd1 29. e5 Rb1 30. Rc7+ Kf8 31. Rd2 R1xb3+ 32. Kf2 Rb2 0-1

[Event "Hessen-ch Gr-D 65th"]
[Site "Gladenbach"]
[Date "2011.04.23"]
[Round "4"]
[White "Kalmann, Max"]
[Black "Schneider, Udo"]
[Result "1-0"]
[WhiteElo "1521"]
[BlackElo "1672"]
[PlyCount "179"]
[EventDate "2011.04.22"]
[EventType "swiss"]
[EventRounds "5"]
[EventCountry "GER"]
[SourceTitle "CBM 142 Extra"]
[Source "ChessBase"]
[SourceDate "2011.06.27"]
[SourceVersion "1"]
[SourceVersionDate "2011.06.27"]
[SourceQuality "1"]

1. e4 c5 2. Nf3 d6 3. Bc4 Nc6 4. c3 Nf6 5. Qb3 e6 6. d3 Qc7 7. Bf4 a6 8. Qa3 Na5 9. Nbd2 b5 10. Bb3 Rb8 11. Bd1 Nh5 12. Be3 Nf6 13. b4 cxb4 14. cxb4 Nc6 15. Qb3 Be7 16. Rc1 Qd7 17. 0-0 Bb7 18. Nd4 Ne5 19. f3 0-0 20. Be2 Rbc8 21. a3 Rxc1 22. Rxc1 Rc8 23. Rxc8+ Qxc8 24. Nf1 h6 25. h3 Nc6 26. f4 Nxd4 27. Bxd4 Qc1 28. Be3 Qc6 29. Bf3 Qc7 30. g4 Nd7 31. Kg2 Nb6 32. Bd2 d5 33. e5 Bh4 34. Qc3 Qxc3 35. Bxc3 Na4 36. Bd4 Bd8 37. f5 a5 38. bxa5 Bxa5 39. Ne3 Kf8 40. Nc2 Bb6 41. Bxb6 Nxb6 42. Kf2 Ke7 43. Ke3 Bc8 44. Kf4 Na4 45. Nd4 Bd7 46. h4 Nc3 47. Nc2 Na4 48. h5 Nc5 49. Be2 Be8 50. Ke3 Bd7 51. Nd4 Na6 52. Kf4 b4 53. axb4 Nxb4 54. Nb3 Nc6 55. d4 Nd8 56. Bd3 f6 57. Nc5 Bc8 58. Bb5 exf5 59. gxf5 Nf7 60. Bc6 fxe5+ 61. dxe5 d4 62. Be4 Ng5 63. Bg2 Bd7 64. Nxd7 Kxd7 65. Bd5 Ke7 66. Bc4 Kd7 67. Bb5+ Ke7 68. Bc6 Kf7 69. Bd7 Ke7 70. Bb5 Kf7 71. Bd3 Ke7 72. Kg3 Nf7 73. Kf4 Ng5 74. Bc4 Kd7 75. f6 gxf6 76. exf6 Ke8 77. Kf5 Nf7 78. Bb5+ Kf8 79. Ke6 Nd8+ 80. Ke5 Nf7+ 81. Kxd4 Nd6 82. Bd3 Kf7 83. Ke5 Nc8 84. Bg6+ Kf8 85. Ke6 Nb6 86. Bd3 Na4 87. Kf5 Nc5 88. Bc4 Nd7 89. Be6 Nc5 90. Bd5 1-0

[Event "Hessen-ch Gr-D 65th"]
[Site "Gladenbach"]
[Date "2011.04.22"]
[Round "2"]
[White "Reichel, Rolf"]
[Black "Schneider, Udo"]
[Result "1/2-1/2"]
[WhiteElo "1991"]
[BlackElo "1672"]
[PlyCount "80"]
[EventDate "2011.04.22"]
[EventType "swiss"]
[EventRounds "5"]
[EventCountry "GER"]
[SourceTitle "CBM 142 Extra"]
[Source "ChessBase"]
[SourceDate "2011.06.27"]
[SourceVersion "1"]
[SourceVersionDate "2011.06.27"]
[SourceQuality "1"]

1. e4 c5 2. Nc3 Nc6 3. Nf3 g6 4. d4 cxd4 5. Nxd4 Bg7 6. Ndb5 a6 7. Na3 Nf6 8. Bd3 d6 9. Be3 Ng4 10. 0-0 Nxe3 11. fxe3 0-0 12. Nab1 Qb6 13. Qc1 Be6 14. a3 Rac8 15. b3 Ne5 16. Be2 Ng4 17. Bxg4 Bxg4 18. Nd5 Qd8 19. Ra2 Be6 20. c4 Bh6 21. Qc3 Bg7 22. Qd3 Be5 23. Nbc3 Bd7 24. Raf2 Kg7 25. Ne2 e6 26. Ndf4 Qe7 27. Nd4 Bc6 28. Nxc6 Rxc6 29. Ne2 Rcc8 30. Nd4 Kg8 31. Nf3 Bg7 32. Rd1 Rfd8 33. Rfd2 Bf6 34. g3 Qc7 35. g4 Qc5 36. Ra2 Kg7 37. h4 h6 38. Rg2 Qxa3 39. g5 hxg5 40. hxg5 Be7 1/2-1/2

[Event "Rhein Main op 12th"]
[Site "Bad Homburg"]
[Date "2009.06.13"]
[Round "6"]
[White "Barisch, Florian"]
[Black "Schneider, Udo"]
[Result "1/2-1/2"]
[WhiteElo "1693"]
[BlackElo "1872"]
[PlyCount "86"]
[EventDate "2009.06.10"]
[EventType "swiss"]
[EventRounds "7"]
[EventCountry "GER"]
[SourceTitle "CBM 131 Extra"]
[Source "ChessBase"]
[SourceDate "2009.09.03"]
[SourceVersion "2"]
[SourceVersionDate "2009.09.16"]
[SourceQuality "1"]

1. d4 d5 2. e3 Nf6 3. Bd3 e6 4. f4 c5 5. c3 Bd7 6. Nf3 Nc6 7. Nbd2 Ng4 8. Qe2 f5 9. 0-0 c4 10. Bc2 Be7 11. Ne5 Ncxe5 12. dxe5 Bc5 13. Nf3 Qb6 14. Nd4 0-0-0 15. Re1 h5 16. Nf3 Be7 17. Kh1 Rdg8 18. Nd4 g5 19. b3 gxf4 20. exf4 Bh4 21. Rf1 Bb5 22. Nxb5 Qxb5 23. Rb1 Qc5 24. bxc4 Nf2+ 25. Kg1 Nd1+ 26. Kh1 Nxc3 27. Be3 d4 28. Qf3 Nxb1 29. Rxb1 Rg7 30. Bd2 Rhg8 31. Bb4 Qc6 32. Qxc6+ bxc6 33. Ba4 Rxg2 34. Bxc6 Re2 35. Bf3 Rxa2 36. Bd6 Bd8 37. Rb8+ Kd7 38. Rb7+ Bc7 39. Rxc7+ Kd8 40. h4 Rg3 41. Bc6 Rb3 42. Rd7+ Kc8 43. Rc7+ Kd8 1/2-1/2